|
|
|
|
| LEADER |
00000naa0a2200000 4500 |
| 001 |
602062 |
| 005 |
20250224095154.0 |
| 035 |
|
|
|a (RuTPU)RU\TPU\tpu\27491
|
| 035 |
|
|
|a RU\TPU\tpu\27490
|
| 090 |
|
|
|a 602062
|
| 100 |
|
|
|a 20150518d2010 k||y0rusy50 ba
|
| 101 |
0 |
|
|a eng
|
| 102 |
|
|
|a IT
|
| 200 |
1 |
|
|a The New Calculation Algorithm for Axial Channeling of Electrons and Angular Distribution of Diffracted Channeling Radiation in Si and LiF Crystals
|f K. B. Korotchenko, Yu. L. Pivovarov, T. A. Tukhfatullin
|
| 333 |
|
|
|a В фонде НТБ ТПУ отсутствует
|
| 463 |
|
|
|t Channeling 2010. Charged and Neutral Particles Channeling Phenomena
|o 4th International Conference, October 3-8, 2010, Ferrara (FE), Italy : Book of Abstracts
|v P. 58
|d 2010
|
| 610 |
1 |
|
|a труды учёных ТПУ
|
| 700 |
|
1 |
|a Korotchenko
|b K. B.
|c physicis
|c Professor of Tomsk Polytechnic University, doctor of physical and mathematical Sciences
|f 1949-
|g Konstantin Borisovich
|3 (RuTPU)RU\TPU\pers\31536
|9 15697
|
| 701 |
|
1 |
|a Pivovarov
|b Yu. L.
|c physicist
|c professor of Tomsk Polytechnic University
|f 1953-
|g Yuriy Leonidovich
|3 (RuTPU)RU\TPU\pers\31522
|
| 701 |
|
1 |
|a Tukhfatullin
|b T. A.
|c physicist
|c Associate Professor of Tomsk Polytechnic University, Candidate of physical and mathematical sciences
|f 1971-
|g Timur Ahatovich
|3 (RuTPU)RU\TPU\pers\33633
|
| 712 |
0 |
2 |
|a Национальный исследовательский Томский политехнический университет (ТПУ)
|b Физико-технический институт (ФТИ)
|b Кафедра теоретической и экспериментальной физики (ТиЭФ)
|3 (RuTPU)RU\TPU\col\18726
|
| 801 |
|
1 |
|a RU
|b 63413507
|c 20130131
|
| 801 |
|
2 |
|a RU
|b 63413507
|c 20150518
|g RCR
|
| 942 |
|
|
|c BK
|